00821nam a2200205 a 450000100100000000500170001000800410002704000250006808200150009310000310010824500500013926000480018930000210023749000460025883000530030404900090035795201130036695201190047999900170059800001652920200929164926.0100308s1974 dr 000 0 spa d aDO-SdBNPbspacBNPHU axxxbC793m1 aCorcoran, Thomas J.93677210aManual de estereotipia /cThomas J. Corcoran. aSanto Domingo :bEditora del Caribe,c1974. a101 p. ;c23 cm.1 aBiblioteca básica para el periodismov3 0aBiblioteca básica para el periodismon3936773 aBNPD 0010718PDaPDbPDcCTd2010-03-08iLF1l0oxxx C793mp16529-10r2020-06-25w2020-06-25yLFPDZNo se presta 0010718PDaPDbPDcCTd2011-03-31iLF1l0oxxx C793mp16529-20r2020-06-25te. 2w2020-06-25yLFPDZNo se presta c16063d16063